Conflict in child and adolescent development
Αποθηκεύτηκε σε:
| Άλλοι συγγραφείς: | , |
|---|---|
| Μορφή: | Βιβλίο |
| Γλώσσα: | English |
| Δημοσίευση: |
Cambridge :
Cambridge University Press,
1992.
|
| Σειρά: | Cambridge studies in social and emotional development
|
| Θέματα: | |
| Ετικέτες: |
Προσθήκη ετικέτας
Δεν υπάρχουν, Καταχωρήστε ετικέτα πρώτοι!
|
MARC
| LEADER | 00000cam a2200000 i 4500 | ||
|---|---|---|---|
| 001 | 1/100491 | ||
| 008 | 000201s1992 eng d | ||
| 020 | |a 0-521-40416-9 | ||
| 035 | |l 10057298 | ||
| 040 | |a GR-MY-UA |b gre |e aacr | ||
| 041 | 0 | |a eng | |
| 082 | 0 | |a 155.418 | |
| 245 | 1 | 0 | |a Conflict in child and adolescent development / |c edited by Carolyn Uhlinger Shantz, Willard W. Hartup. |
| 260 | |a Cambridge : |b Cambridge University Press, |c 1992. | ||
| 300 | |a 453 σ. | ||
| 490 | 1 | |a (Cambridge studies in social and emotional development) | |
| 650 | 0 | 0 | |a Conflict (Psychology) in children. |
| 650 | 0 | 0 | |a Conflict (Psychology) in adolescence. |
| 650 | 0 | 0 | |a Interpersonal relations in children. |
| 650 | 0 | 0 | |a Interpersonal relations in adolescence. |
| 650 | 0 | 0 | |a Adjustment (Psychology) in children. |
| 650 | 0 | 0 | |a Adjustment (Psychology) in adolescence. |
| 700 | 1 | |a Shantz, Carolyn U. |e edtf | |
| 700 | 0 | |a Hartup, Willard W. |e edt | |
| 830 | 0 | |a Cambridge studies in social and emotional development | |
| 852 | |a INST |b RHODES |e 20000201 |h 155.418 CON |p 005400014131 |q 005400014131 |t BK |y 0 | ||
| 901 | |a BIBL4-2000-1 | ||
| 909 | |a Ρ |b 068653 | ||
| 922 | |a 4ΕΛΗ |b 199909 |c ΚΠΣ/154 |d GLORY BOOKS | ||
| 970 | |a ΚΟΥΛΑΚΙΟΤΗ |b ΛΙΤΣΑ |z 2000/02/01 | ||